Super giant print dictionary & concordance of the Holy Bible (Record no. 10638)

MARC details
000 -LEADER
fixed length control field 00715nam a22002297a 4500
003 - CONTROL NUMBER IDENTIFIER
control field GBCCL
005 - DATE AND TIME OF LATEST TRANSACTION
control field 20250217115652.0
008 - FIXED-LENGTH DATA ELEMENTS--GENERAL INFORMATION
fixed length control field 250217b |||||||| |||| 00| 0 eng d
020 ## - INTERNATIONAL STANDARD BOOK NUMBER
International Standard Book Number 9780805494891
020 ## - INTERNATIONAL STANDARD BOOK NUMBER
International Standard Book Number 0805494898
040 ## - CATALOGING SOURCE
Transcribing agency GBC
082 ## - DEWEY DECIMAL CLASSIFICATION NUMBER
Classification number 220.3
Item number HOL 1
110 ## - MAIN ENTRY--CORPORATE NAME
Corporate name or jurisdiction name as entry element Holman Bible Publishers (Nashville, Tenn)
245 ## - TITLE STATEMENT
Title Super giant print dictionary & concordance of the Holy Bible
260 ## - PUBLICATION, DISTRIBUTION, ETC.
Place of publication, distribution, etc. Nashville, Tenn.,
Name of publisher, distributor, etc. Holman Bible Publishers,
Date of publication, distribution, etc. ©2006
300 ## - PHYSICAL DESCRIPTION
Extent [iv], 1308, [8] pages :
Other physical details maps ;
Dimensions 24 cm.
490 ## - SERIES STATEMENT
Materials specified Holman reference
650 ## - SUBJECT ADDED ENTRY--TOPICAL TERM
Topical term or geographic name entry element Bible
650 ## - SUBJECT ADDED ENTRY--TOPICAL TERM
Topical term or geographic name entry element Bible Concordances
Form subdivision English Holman Christian Standard
650 ## - SUBJECT ADDED ENTRY--TOPICAL TERM
Topical term or geographic name entry element Bible Dictionaries
942 ## - ADDED ENTRY ELEMENTS (KOHA)
Source of classification or shelving scheme Dewey Decimal Classification
Koha item type Reference Books
Suppress in OPAC No
Holdings
Withdrawn status Lost status Source of classification or shelving scheme Damaged status Not for loan Home library Current Library Shelving location Date acquired Total checkouts Full call number Barcode Date last seen Copy number Price effective from Koha item type
    Dewey Decimal Classification     GRACE BIBLE COLLEGE GRACE BIBLE COLLEGE Dictionary 2025-02-17   220.3 HOL 020948 2025-05-01 c.1 2025-02-17 Reference Books
© Grace Bible College Library 2025